Aggregates levy lacks clarity and support for good practice (Record no. 67410)

MARC details
000 -LEADER
fixed length control field 01477cam a2200217 4500
001 - CONTROL NUMBER
control field X113195
008 - FIXED-LENGTH DATA ELEMENTS--GENERAL INFORMATION
fixed length control field 000000n2001 000 0 eng u
035 ## - SYSTEM CONTROL NUMBER
System control number (Sirsi) u113195
245 ## - TITLE STATEMENT
Title Aggregates levy lacks clarity and support for good practice
260 ## - PUBLICATION, DISTRIBUTION, ETC.
Date of publication, distribution, etc. 2001
490 ## - SERIES STATEMENT
Series statement Minerals Bulletin
Volume/sequential designation May 2001, 4(1)
520 ## - SUMMARY, ETC.
Summary, etc. Presents the RICS response to the HM Customs and Excise draft legislation on the Aggregates Levy which expresses concerns about the unclear terminology and lack of encouragement for good environmental practice. The RICS has also commented on the Treasury proposals for the use of the Sustainability Fund saying that it is important that it is not used to address failures in enforcing planning conditions or as a community benefit fund. It has identified the fund's primary objectives as to ensure that the price of aggregates extraction reflects the environmental costs, to encourage recycling and to correct market failures associated with aggregates production. Details of the Aggregates Levy are available at http://www.hmce.gov.uk/bus/excise/agl-over.htm whilst the consultation paper on the Sustainability Fund has been published at http://www.hm-treasury.gov.uk/docs/2000/sfcons2108.html.
650 ## - SUBJECT ADDED ENTRY--TOPICAL TERM
Topical term or geographic name entry element AGGREGATES
650 ## - SUBJECT ADDED ENTRY--TOPICAL TERM
Topical term or geographic name entry element AGGREGATES TAX
650 ## - SUBJECT ADDED ENTRY--TOPICAL TERM
Topical term or geographic name entry element ENVIRONMENTAL SUSTAINABILITY
650 ## - SUBJECT ADDED ENTRY--TOPICAL TERM
Topical term or geographic name entry element MINERAL EXTRACTION
650 ## - SUBJECT ADDED ENTRY--TOPICAL TERM
Topical term or geographic name entry element RICS RESPONSE
650 ## - SUBJECT ADDED ENTRY--TOPICAL TERM
Topical term or geographic name entry element SUSTAINABILITY FUND
690 ## - LOCAL SUBJECT ADDED ENTRY--TOPICAL TERM (OCLC, RLIN)
Topical term or geographic name as entry element MINING AND MINERALS
942 ## - ADDED ENTRY ELEMENTS (KOHA)
Suppress in OPAC 0
Holdings
Withdrawn status Lost status Source of classification or shelving scheme Damaged status Not for loan Home library Current library Shelving location Date acquired Total Checkouts Full call number Barcode Date last seen Copy number Price effective from Koha item type
    Dewey Decimal Classification     London London Journal article 20/06/2001   X113195 113195-1001 06/08/2019 1 06/08/2019 Journal article